banner-ar

الماسونية ذلك العالم المجهول دراسة فى الاسرار التنظيمية لليهودية العالمية / (Record no. 50324)

MARC details
000 -الفاتح
حقل البيانات ثابتة الطول 00603nam a2200181Ia 4500
008 - عناصر البيانات ثابتة الطول - معلومات عامة
حقل البيانات ثابتة الطول 140319s9999 xx 000 0 ara d
040 ## - مصدر الفهرسة
وكالة الفهرسة الأصلية GCL /
وكالة النسخ GCL
082 04 - رقم تصنيف ديوى العشرى
رقم التصنيف 366.1
رقم المادة ص م
100 1# - المدخل الرئيسى - إسم شخصى
الإسم الشخصى صابر طعيمة
245 10 - بيان العنوان
العنوان الماسونية ذلك العالم المجهول دراسة فى الاسرار التنظيمية لليهودية العالمية /
بيان المسئوليه,etc صابر طعيمة
300 ## - الوصف المادى
التعداد 272 ص
490 ## - بيان السلسلة
عنوان السلسلة
650 04 - المدخل الاضافى بالموضوع-مصطلح موضوعى
مصطلح موضوعي الجمعيات السرية
650 04 - المدخل الاضافى بالموضوع-مصطلح موضوعى
مصطلح موضوعي الماسونية واليهودية
942 ## - عناصر المدخل الإضافي( كوها)
مصدر التصنيف او مخطط الترفيف Dewey Decimal Classification
Koha [default] item type كتاب
260 ## - PUBLICATION, DISTRIBUTION, ETC. (IMPRINT)
-- [S.N] :
-- دار الجيل
Holdings
حالة التراجع حالة الفقد حالة تلف ليس للاعارة المكان المؤقت الموقع الحالى تاريخ الاكتساب اجمالي اﻻعارات رقم الطلب الباركود تاريخ اخر مشاهدة تاريخ تفعيل السعر نوع وعاء كوها مصدر التصنيف او خطة الترفيف
        مكتبة القاهرة الكبرى مكتبة القاهرة الكبرى 03/26/2014   366.1\ص م 120722 03/26/2014 03/26/2014 كتاب  
        مكتبة القاهرة الكبرى مكتبة القاهرة الكبرى 03/26/2014   366.1\ص م 120723 03/26/2014 03/26/2014 كتاب  
        مكتبة القاهرة الكبرى مكتبة القاهرة الكبرى 11/09/2022   366.1\ ص م 168810 11/09/2022 11/09/2022 كتاب ddc

Powered By

EGPV